Movies Quiz

Random Movies or Clickable Quiz

Movies in Common II Quiz Stats

Quiz Updated Feb 20, 2016

Also try: Movies in Common
Challenge
Share
Tweet
Embed
Score 0/39 Timer 05:00
0 Plays Today
% Correct
50 First Dates
97.4%
Bambi
93.8%
Terminator
93.5%
The Lion King
92%
My Big Fat Greek Wedding
89.4%
Eragon
88.6%
Goldeneye
88.3%
The Godfather
88.2%
Goodfellas
86.3%
Texas Chainsaw Massacre
86.2%
Beethoven
86.1%
Friday the 13th
85.3%
Casablanca
85.2%
Super Size Me
85%
Old Yeller
84.7%
Bowling for Columbine
84.7%
Scream
83.6%
Turner and Hooch
81.6%
An Inconvenient Truth
81%
Underworld
80.8%
% Correct
The Rescuers
80.4%
Commando
77.6%
Wayne's World
76.5%
Hitch
75.9%
Predator
75.5%
All Quiet on the Western Front
73.2%
Moonraker
72.9%
Reign of Fire
72.5%
The Blues Brothers
72.1%
The Pelican Brief
72.1%
The Hobbit
71.2%
Night at the Roxbury
69.9%
Casino
69.8%
Runaway Jury
68.4%
A Time to Kill
67.6%
The Maltese Falcon
62.3%
The Lost Boys
60.9%
The Living Daylights
50.6%
Let the Right One In
49.2%

You're not logged in!

Compare scores with friends on all Sporcle quizzes.
Sign Up with Email
OR
Log In

You Might Also Like...

Show Comments

Extras

Top Quizzes Today


Score Distribution

Your Account Isn't Verified!

In order to create a playlist on Sporcle, you need to verify the email address you used during registration. Go to your Sporcle Settings to finish the process.